| 000 | 00416nam a2200181Ia 4500 | ||
|---|---|---|---|
| 003 | 0100 | ||
| 008 | 130303s9999 xx 000 0 und d | ||
| 040 | _cARRUPELIB | ||
| 050 | _aNK1520.G65 | ||
| 100 | _aGombrich, E.H | ||
| 245 | 4 | _aThe sense of order | |
| 245 | _ba study in the psychology of decorative art | ||
| 260 | _aIthaca NY | ||
| 260 | _bCornell UP | ||
| 260 | _C1984 | ||
| 300 | _a411p | ||
| 942 | 0 | 0 | _01 |
| 999 |
_c24175 _d24175 |
||